[Event "NIC Classic Prelim 2021"]
[Site "chess24.com INT"]
[Date "2021.04.25"]
[Round "9.1"]
[White "Carlsen, Magnus"]
[Black "Jones, Gawain C B"]
[Result "1-0"]
[WhiteTitle "GM"]
[BlackTitle "GM"]
[WhiteElo "2847"]
[BlackElo "2670"]
[WhiteFideId "1503014"]
[BlackFideId "409561"]
[EventDate "2021.04.24"]

1. e4 c5 2. Nf3 d6 3. d4 cxd4 4. Nxd4 Nf6 5. Nc3 g6 6. Be3 Bg7 7. Qd2 Ng4 8. Bg5
h6 9. Bh4 Nc6 10. Nb3 Nf6 11. f3 a6 12. Be2 O-O 13. Bf2 Na5 14. O-O Be6 15. Nd5
Nxb3 16. axb3 Nxd5 17. exd5 Bf5 18. c3 e5 19. dxe6 Bxe6 20. b4 Re8 21. Rfe1 Qd7
22. Bd4 Rac8 23. Bxg7 Kxg7 24. Rad1 Bb3 25. Qd4+ Kg8 26. Ra1 Re5 27. f4 Rd5 28.
Qf2 h5 29. Bf3 Rb5 30. Be4 Be6 31. Rad1 Qc7 32. Bxg6 Bg4 33. Bd3 Bxd1 34. Bxb5
axb5 35. Rxd1 Re8 36. Rd5 Qc4 37. Rxh5 Qd3 38. Qg3+ Qxg3 39. hxg3 Re2 40. Rxb5
Rxb2 41. Rxb7 d5 42. Rd7 1-0

[Event "NIC Classic Prelim 2021"]
[Site "chess24.com INT"]
[Date "2021.04.25"]
[Round "9.5"]
[White "Praggnanandhaa, R"]
[Black "Radjabov, Teimour"]
[Result "1-0"]
[WhiteTitle "GM"]
[BlackTitle "GM"]
[WhiteElo "2608"]
[BlackElo "2765"]
[WhiteFideId "25059530"]
[BlackFideId "13400924"]
[EventDate "2021.04.24"]

1. d4 Nf6 2. c4 e6 3. Nf3 d5 4. Nc3 Be7 5. Bf4 O-O 6. e3 Nbd7 7. c5 Nh5 8. Bd3
Nxf4 9. exf4 b6 10. b4 a5 11. a3 c6 12. O-O Qc7 13. g3 Ba6 14. Bxa6 Rxa6 15. Qe2
Ra7 16. f5 axb4 17. axb4 Rxa1 18. Rxa1 e5 19. Nxe5 Nxe5 20. dxe5 bxc5 21. b5 d4
22. b6 Qxb6 23. Ne4 f6 24. e6 Qb5 25. Qa2 Qd3 26. Qa7 Qxe4 27. Qxe7 Qxf5 28. h4
Qg4 29. Ra7 h5 30. Rd7 Ra8 31. Rd8+ Rxd8 32. Qxd8+ Kh7 33. e7 1-0

[Event "NIC Classic Prelim 2021"]
[Site "chess24.com INT"]
[Date "2021.04.25"]
[Round "9.6"]
[White "So, Wesley"]
[Black "Vidit, Santosh Gujrathi"]
[Result "1-0"]
[WhiteTitle "GM"]
[BlackTitle "GM"]
[WhiteElo "2770"]
[BlackElo "2726"]
[WhiteFideId "5202213"]
[BlackFideId "5029465"]
[EventDate "2021.04.24"]

1. d4 Nf6 2. Bf4 d5 3. e3 c5 4. Nf3 e6 5. Nbd2 Qb6 6. Rb1 Bd6 7. Bxd6 Qxd6 8.
Ne5 Nc6 9. Bb5 O-O 10. Bxc6 bxc6 11. Nb3 cxd4 12. exd4 Ne4 13. f3 f6 14. Nd3 Ng5
15. Qe2 Ba6 16. Qe3 h6 17. Ndc5 Bc8 18. f4 Nf7 19. O-O Rb8 20. Rbe1 Re8 21. Qd3
Qc7 22. Re2 Nd6 23. c3 Nc4 24. Qg3 a5 25. Rfe1 Nd6 26. Qg6 Kf8 27. g4 a4 28.
Nxa4 Ne4 29. Nac5 Nxc5 30. Nxc5 Qxf4 31. a4 e5 32. dxe5 Qxg4+ 33. Qxg4 Bxg4 34.
Rf2 Kf7 35. b4 h5 36. a5 d4 37. cxd4 Rxb4 38. Rf4 Rb2 39. Ra1 Ra8 40. a6 Ra7 41.
exf6 gxf6 42. Raf1 f5 43. R1f2 Rb5 44. Kg2 Kg6 45. h3 Bd1 46. Rxf5 Bb3 47. Kg3
Bd5 48. Kh4 Rb4 49. Rg5+ Kh7 50. Rxh5+ Kg6 51. Rg5+ Kh7 52. Rh5+ Kg6 53. Rf4 Bc4
54. Rg5+ Kh7 55. Rh5+ Kg6 56. Rg4+ Kf6 57. Rh6+ Kf5 58. Rh5+ Kf6 59. Rh6+ Kf5
60. Ne4 1-0

[Event "NIC Classic Prelim 2021"]
[Site "chess24.com INT"]
[Date "2021.04.25"]
[Round "9.7"]
[White "Mamedyarov, Shakhriyar"]
[Black "Dominguez Perez, Leinier"]
[Result "1-0"]
[WhiteTitle "GM"]
[BlackTitle "GM"]
[WhiteElo "2770"]
[BlackElo "2758"]
[WhiteFideId "13401319"]
[BlackFideId "3503240"]
[EventDate "2021.04.24"]

1. Nf3 Nf6 2. g3 c5 3. Bg2 Nc6 4. O-O e5 5. d3 d5 6. Nbd2 Be7 7. c3 O-O 8. e4 d4
9. Nc4 Qc7 10. cxd4 cxd4 11. Qc2 Qb8 12. Bd2 Bg4 13. h3 Be6 14. Ng5 Bd7 15. f4
Nh5 16. fxe5 b5 17. Nd6 Nxe5 18. Ndxf7 Nxf7 19. Nxf7 Be6 20. g4 Rxf7 21. gxh5
Qe5 22. Rxf7 Bxf7 23. Rf1 Qxh5 24. Qc7 Qc5 25. Rc1 Qxc7 26. Rxc7 Bd8 27. Rc6 Bb6
28. a3 Re8 29. Bf4 Be6 30. h4 Kf7 31. h5 Rc8 32. Rxe6 1-0

[Event "NIC Classic Prelim 2021"]
[Site "chess24.com INT"]
[Date "2021.04.25"]
[Round "9.8"]
[White "Karjakin, Sergey"]
[Black "Le, Quang Liem"]
[Result "1/2-1/2"]
[WhiteTitle "GM"]
[BlackTitle "GM"]
[WhiteElo "2757"]
[BlackElo "2709"]
[WhiteFideId "14109603"]
[BlackFideId "12401137"]
[EventDate "2021.04.24"]

1. e4 e5 2. Nf3 Nc6 3. Bb5 a6 4. Ba4 Nf6 5. O-O Be7 6. Re1 b5 7. Bb3 d6 8. c3
O-O 9. h3 Bb7 10. d4 Re8 11. Nbd2 Bf8 12. a3 h6 13. Bc2 Nb8 14. a4 Nbd7 15. Bd3
d5 16. axb5 dxe4 17. Nxe4 Bxe4 18. Rxe4 axb5 19. Rxa8 Qxa8 20. Rxe5 Nxe5 21.
dxe5 Ne4 22. Qc2 Nc5 23. Bxb5 Rb8 24. Nd4 Qd5 25. Be3 Ne6 26. Bd3 c5 27. Bh7+
Kh8 28. Be4 Qa2 29. Nxe6 Qxe6 30. f4 f6 31. Qe2 fxe5 32. f5 Qd6 33. g3 Be7 34.
h4 c4 35. Kg2 Qd7 36. Kh3 Qb5 37. Qh5 Qe8 38. Qe2 Qb5 39. Bc1 Qb6 40. Kg2 Rd8
41. Bc2 Qc6+ 42. Be4 Qb6 43. Bc2 Qc6+ 44. Be4 Qb6 1/2-1/2

[Event "NIC Classic Prelim 2021"]
[Site "chess24.com INT"]
[Date "2021.04.25"]
[Round "10.1"]
[White "Jones, Gawain C B"]
[Black "Le, Quang Liem"]
[Result "0-1"]
[WhiteTitle "GM"]
[BlackTitle "GM"]
[WhiteElo "2670"]
[BlackElo "2709"]
[WhiteFideId "409561"]
[BlackFideId "12401137"]
[EventDate "2021.04.24"]

1. e4 c6 2. d4 d5 3. e5 Bf5 4. h4 h5 5. c4 e6 6. Nc3 dxc4 7. Bxc4 Nd7 8. Nge2
Be7 9. Be3 Nh6 10. Bxh6 Rxh6 11. g3 Qa5 12. a3 O-O-O 13. Qc1 f6 14. exf6 Nxf6
15. O-O Kb8 16. Nf4 Rxd4 17. Bxe6 Ne4 18. Nfe2 Rd6 19. b4 Qe5 20. Bxf5 Qxf5 21.
Nxe4 Qxe4 22. Nf4 Bxh4 23. Re1 Qf3 24. gxh4 Rhg6+ 25. Kf1 Rgf6 26. Re8+ Kc7 27.
Qe3 Qh1+ 28. Ke2 Qxa1 29. Re7+ Rd7 30. Rxd7+ Kxd7 31. Nd3 b6 32. Ne5+ Qxe5 0-1

[Event "NIC Classic Prelim 2021"]
[Site "chess24.com INT"]
[Date "2021.04.25"]
[Round "10.2"]
[White "Dominguez Perez, Leinier"]
[Black "Karjakin, Sergey"]
[Result "1/2-1/2"]
[WhiteTitle "GM"]
[BlackTitle "GM"]
[WhiteElo "2758"]
[BlackElo "2757"]
[WhiteFideId "3503240"]
[BlackFideId "14109603"]
[EventDate "2021.04.24"]

1. e4 e5 2. Nf3 Nc6 3. Bb5 Nf6 4. O-O Nxe4 5. Re1 Nd6 6. Nxe5 Be7 7. Bf1 Nxe5 8.
Rxe5 O-O 9. Nc3 Ne8 10. Nd5 Bd6 11. Re2 c6 12. Ne3 Be7 13. Nf5 Bf6 14. Qe1 d5
15. Ne7+ Bxe7 16. Rxe7 Nd6 17. Re2 Bg4 18. f3 Bf5 19. d4 Qb6 20. Qf2 a5 21. Re1
a4 22. a3 Rfe8 23. Bf4 Nc4 24. Bxc4 dxc4 25. c3 f6 26. Rxe8+ Rxe8 27. Re1 Rxe1+
28. Qxe1 h6 29. Qd2 Kh7 30. h4 h5 31. Kh2 Bg6 32. Qe2 Bd3 33. Qd2 Bg6 34. Qe2
Bd3 35. Qd2 Bg6 1/2-1/2

[Event "NIC Classic Prelim 2021"]
[Site "chess24.com INT"]
[Date "2021.04.25"]
[Round "10.3"]
[White "Vidit, Santosh Gujrathi"]
[Black "Mamedyarov, Shakhriyar"]
[Result "0-1"]
[WhiteTitle "GM"]
[BlackTitle "GM"]
[WhiteElo "2726"]
[BlackElo "2770"]
[WhiteFideId "5029465"]
[BlackFideId "13401319"]
[EventDate "2021.04.24"]

1. d4 Nf6 2. c4 e6 3. Nf3 d5 4. Nc3 a6 5. cxd5 exd5 6. Bg5 Be6 7. Bxf6 Qxf6 8.
Qb3 Ra7 9. a3 Qd8 10. h4 c5 11. dxc5 Bxc5 12. Rd1 b5 13. Ng5 h6 14. Nxe6 fxe6
15. e3 Nd7 16. g3 O-O 17. Bh3 Qf6 18. O-O Kh8 19. Ne2 g5 20. hxg5 hxg5 21. Qc3
Kg8 22. Qxf6 Rxf6 23. Rc1 Kf7 24. Nd4 Bxd4 25. exd4 Ke7 26. Rfe1 Kd6 27. Rc2 Nb6
28. b3 Rh7 29. Bg4 Rfh6 30. Kg2 Rh2+ 31. Kf3 Rf7+ 32. Ke3 Na8 33. Rec1 Rc7 34.
Rc5 Rxc5 35. Rxc5 Nc7 36. Rc1 Ne8 37. Rc8 Nf6 38. Bf3 g4 39. Be2 e5 40. dxe5+
Kxe5 41. Rd8 Rh1 42. f4+ gxf3 43. Bxf3 Rb1 44. b4 Rb3+ 45. Ke2 Rxa3 46. g4 Ne4
47. Re8+ Kd4 48. Bxe4 dxe4 49. Re6 Rg3 50. Rxa6 Rxg4 51. Rc6 Rg2+ 52. Kd1 Rb2
53. Rd6+ Ke3 54. Rd5 Rxb4 55. Kc2 Ke2 56. Kc3 Rc4+ 57. Kb3 e3 58. Rxb5 Rc8 59.
Re5 Kd2 60. Rd5+ Ke1 61. Re5 e2 62. Kb2 Rf8 0-1

[Event "NIC Classic Prelim 2021"]
[Site "chess24.com INT"]
[Date "2021.04.25"]
[Round "10.5"]
[White "Tari, Aryan"]
[Black "Praggnanandhaa, R"]
[Result "1-0"]
[WhiteTitle "GM"]
[BlackTitle "GM"]
[WhiteElo "2639"]
[BlackElo "2608"]
[WhiteFideId "1510045"]
[BlackFideId "25059530"]
[EventDate "2021.04.24"]

1. e4 c5 2. Nc3 Nc6 3. f4 g6 4. Nf3 Bg7 5. Bb5 Nd4 6. O-O f5 7. e5 a6 8. Bc4 e6
9. a4 d6 10. exd6 Qxd6 11. d3 Ne7 12. Ne5 Nec6 13. Nxc6 Nxc6 14. a5 O-O 15. Be3
Bd4 16. Qe1 Bd7 17. Kh1 Rae8 18. Na4 Nb4 19. Bxd4 cxd4 20. Qf2 Bxa4 21. Rxa4 Nc6
22. c3 Rd8 23. Re1 Rfe8 24. h3 Kg7 25. Raa1 e5 26. fxe5 Nxe5 27. cxd4 Qxd4 28.
Qc2 Re7 29. Re2 Rde8 30. Rae1 Kf6 31. Rf1 h5 32. Re4 Qd6 33. Ref4 Kg7 34. Qc3
Qf6 35. d4 Nc6 36. Bd5 Re3 37. Qc5 Re2 38. b4 Rd2 39. Qc3 Ree2 40. Bf3 Rc2 41.
Qa1 Red2 42. Rd1 Rxd1+ 43. Qxd1 Nxb4 44. d5 Qc3 45. Qd4+ Qxd4 46. Rxd4 Rc1+ 47.
Kh2 Nc2 48. Rc4 Kf6 49. d6 Ke6 50. Bxb7 Kxd6 51. Bxa6 Ra1 52. Rxc2 Rxa5 53. Bb7
Ke5 54. h4 Rb5 55. Bf3 Rb6 56. Kg3 Kf6 57. Rc6+ Rxc6 58. Bxc6 g5 59. hxg5+ Kxg5
60. Bf3 f4+ 61. Kh3 h4 62. Bd1 1-0

[Event "NIC Classic Prelim 2021"]
[Site "chess24.com INT"]
[Date "2021.04.26"]
[Round "11.4"]
[White "Praggnanandhaa, R"]
[Black "Aronian, Levon"]
[Result "0-1"]
[WhiteTitle "GM"]
[BlackTitle "GM"]
[WhiteElo "2608"]
[BlackElo "2781"]
[WhiteFideId "25059530"]
[BlackFideId "13300474"]
[EventDate "2021.04.24"]

1. d4 Nf6 2. c4 e6 3. Nf3 d5 4. Nc3 Bb4 5. cxd5 exd5 6. Bg5 h6 7. Bh4 O-O 8. e3
Bf5 9. Be2 Nbd7 10. Qb3 c5 11. dxc5 Qa5 12. a3 Bxc3+ 13. bxc3 Ne4 14. Nd4 Bh7
15. Qb4 Qxc5 16. Rc1 Rfc8 17. O-O Ne5 18. Be7 Qxb4 19. cxb4 Nc3 20. Bf3 Rc4 21.
b5 Rac8 22. Bb4 Nxf3+ 23. gxf3 Bd3 24. Rfe1 Nxb5 25. Rxc4 Bxc4 26. Nf5 Re8 27.
a4 Nc7 28. Rc1 Re6 29. h4 Ne8 30. a5 Kh7 31. Kh2 Rc6 32. Nd4 Rc7 33. Rb1 Ba6 34.
Kg3 Nf6 35. Kf4 Nd7 36. e4 dxe4 37. fxe4 Nc5 38. Ke3 Nd3 39. Bd6 Rc3 40. Kd2 Rc4
41. Kxd3 Rb4+ 42. Kc2 Rxd4 43. e5 Rxh4 44. Kd2 Ra4 45. Ke3 g5 46. Bb4 Kg6 47.
Ke4 Ra2 48. Bc5 Rxa5 49. Bxa7 Bb5 50. Bd4 Bc6+ 51. Kd3 Kf5 52. Bc3 Rxe5 53. Bxe5
Be4+ 0-1

[Event "NIC Classic Prelim 2021"]
[Site "chess24.com INT"]
[Date "2021.04.26"]
[Round "11.5"]
[White "So, Wesley"]
[Black "Tari, Aryan"]
[Result "1-0"]
[WhiteTitle "GM"]
[BlackTitle "GM"]
[WhiteElo "2770"]
[BlackElo "2639"]
[WhiteFideId "5202213"]
[BlackFideId "1510045"]
[EventDate "2021.04.24"]

1. d4 Nf6 2. Nf3 d5 3. Bf4 Bf5 4. e3 e6 5. c4 Bxb1 6. Qxb1 Bb4+ 7. Kd1 Bd6 8.
Bg5 h6 9. Bxf6 Qxf6 10. cxd5 exd5 11. e4 Be7 12. Bb5+ Kf8 13. exd5 g6 14. Qe4
Bd6 15. Ne5 Kg7 16. f4 a6 17. Bd3 Rd8 18. Rf1 Nd7 19. Kc2 Qe7 20. Qf3 Nf6 21.
Bc4 Qe8 22. Rae1 Qa4+ 23. Kb1 Rf8 24. Qd3 Qa5 25. g4 Nxd5 26. f5 g5 27. f6+ Kh8
28. Qh3 Nxf6 29. Qxh6+ Nh7 30. Bd3 f5 31. Ng6+ 1-0

[Event "NIC Classic Prelim 2021"]
[Site "chess24.com INT"]
[Date "2021.04.26"]
[Round "11.6"]
[White "Mamedyarov, Shakhriyar"]
[Black "Radjabov, Teimour"]
[Result "1/2-1/2"]
[WhiteTitle "GM"]
[BlackTitle "GM"]
[WhiteElo "2770"]
[BlackElo "2765"]
[WhiteFideId "13401319"]
[BlackFideId "13400924"]
[EventDate "2021.04.24"]

1. c4 Nf6 2. Nf3 g6 3. g3 Bg7 4. d4 c6 5. Bg2 d5 6. cxd5 cxd5 7. O-O O-O 8. Ne5
Ng4 9. Nf3 Nf6 10. Ne5 Ng4 11. Nf3 Nf6 1/2-1/2

[Event "NIC Classic Prelim 2021"]
[Site "chess24.com INT"]
[Date "2021.04.26"]
[Round "11.7"]
[White "Karjakin, Sergey"]
[Black "Vidit, Santosh Gujrathi"]
[Result "1-0"]
[WhiteTitle "GM"]
[BlackTitle "GM"]
[WhiteElo "2757"]
[BlackElo "2726"]
[WhiteFideId "14109603"]
[BlackFideId "5029465"]
[EventDate "2021.04.24"]

1. e4 c5 2. Nf3 e6 3. d4 cxd4 4. Nxd4 Nf6 5. Nc3 Nc6 6. Nxc6 bxc6 7. e5 Nd5 8.
Ne4 Qc7 9. f4 Qb6 10. c4 Bb4+ 11. Ke2 f5 12. Nf2 Ba6 13. Kf3 Ne7 14. Be3 Bc5 15.
Bxc5 Qxc5 16. Qd6 Qb6 17. b3 c5 18. Rd1 Bb7+ 19. Ke3 Kf7 20. Qxb6 axb6 21. Rxd7
Bc6 22. Rd2 Ra3 23. Nd3 Rd8 24. Rg1 Be4 25. Nc1 Rxd2 26. Kxd2 Nc6 27. Kc3 Ra8
28. g3 Nb4 29. a4 Rd8 30. Be2 Bc2 31. Bh5+ Ke7 32. Bf3 Rd7 33. h4 Rd8 34. Rf1
Rd7 35. Rf2 Bd1 36. Bg2 g6 37. Rd2 Rxd2 38. Kxd2 Bc2 39. h5 Kf7 40. Bf3 gxh5 41.
Bxh5+ Ke7 42. Bf3 h6 43. Kc3 Kd7 44. Kb2 Kc7 45. Na2 Nxa2 46. Kxa2 Bd3 47. Ka3
Bf1 48. Bh5 Bd3 49. a5 b5 50. cxb5 Bxb5 51. b4 cxb4+ 52. Kxb4 Ba6 53. Kc5 Bc8
54. Be2 Bb7 55. Bc4 Bc8 56. a6 1-0

[Event "NIC Classic Prelim 2021"]
[Site "chess24.com INT"]
[Date "2021.04.26"]
[Round "11.8"]
[White "Le, Quang Liem"]
[Black "Dominguez Perez, Leinier"]
[Result "1/2-1/2"]
[WhiteTitle "GM"]
[BlackTitle "GM"]
[WhiteElo "2709"]
[BlackElo "2758"]
[WhiteFideId "12401137"]
[BlackFideId "3503240"]
[EventDate "2021.04.24"]

1. d4 d5 2. Nf3 Nf6 3. c3 e6 4. Bf4 c5 5. e3 Bd6 6. Nbd2 O-O 7. Bd3 Bxf4 8. exf4
Qc7 9. g3 b6 10. O-O Ba6 11. Bxa6 Nxa6 12. Qe2 Nb8 13. Rac1 Qb7 14. Rfe1 Nc6 15.
Nb3 c4 16. Nbd2 b5 17. Ne5 Rab8 18. Qf3 Nxe5 19. fxe5 Nd7 20. h4 b4 21. b3 cxb3
22. Nxb3 Rfc8 23. Re2 Rxc3 24. Rxc3 bxc3 25. Rc2 Rc8 26. Rxc3 Qa6 27. Rxc8+ Qxc8
28. Qe2 h6 29. Qb5 a6 30. Qa5 Kf8 31. Nc5 Nxc5 32. dxc5 Ke8 33. Qb6 d4 34. Kf1
Qd7 35. Qb8+ Ke7 36. Qd6+ Ke8 37. c6 Qxd6 38. exd6 e5 39. g4 h5 40. Ke2 e4 41.
gxh5 f5 42. f4 d3+ 43. Ke3 Kd8 44. a4 a5 45. Kd2 Kc8 46. Ke3 Kd8 47. Kd2 Kc8 48.
Ke3 Kd8 1/2-1/2

[Event "NIC Classic Prelim 2021"]
[Site "chess24.com INT"]
[Date "2021.04.26"]
[Round "12.1"]
[White "Jones, Gawain C B"]
[Black "Dominguez Perez, Leinier"]
[Result "0-1"]
[WhiteTitle "GM"]
[BlackTitle "GM"]
[WhiteElo "2670"]
[BlackElo "2758"]
[WhiteFideId "409561"]
[BlackFideId "3503240"]
[EventDate "2021.04.24"]

1. e4 e5 2. Nf3 Nc6 3. Bc4 Bc5 4. c3 Nf6 5. d4 exd4 6. e5 d5 7. Bb5 Ne4 8. cxd4
Bb6 9. Nc3 O-O 10. Be3 f5 11. exf6 Nxf6 12. Bxc6 bxc6 13. Ne5 Qd6 14. a4 c5 15.
dxc5 Qxe5 16. cxb6 c5 17. O-O d4 18. Bd2 dxc3 19. Bxc3 Qe6 20. Re1 Qxb6 21. Bxf6
Qxf6 22. Qd5+ Qf7 23. Qxa8 Bb7 24. Qxf8+ Qxf8 25. Re6 h6 26. Rae1 Qf4 27. Re7
Bc6 28. R7e6 Qxa4 29. h3 Qb4 30. R1e3 Bd5 31. Rd6 Bf7 32. Rd8+ Kh7 33. Rd7 Bg6
34. b3 a5 35. Ra7 Bc2 36. Kh2 h5 37. Kg1 Bxb3 38. Rg3 Qd4 39. Rxa5 Bf7 40. Rf3
Bg6 41. Ra7 c4 42. Raa3 Qd1+ 43. Kh2 Qd6+ 44. Kg1 Bd3 45. Ra5 c3 46. Rxh5+ Kg8
47. Ra5 c2 48. Ra8+ Kh7 49. Rc8 Qe6 50. Rc5 Qe7 51. Rc8 Qb7 52. Rc5 Be4 53. Rfc3
Bxg2 54. Rxc2 Be4 55. Rc1 Qf7 56. R1c3 Qd7 57. Re3 Qd1+ 58. Kh2 Qh1+ 59. Kg3
Qg2+ 60. Kf4 Bg6 61. Rf3 Qh2+ 62. Ke3 Qd6 63. Rc3 Bh5 64. Ke4 Qd2 65. Rce3 Qd6
66. Rg3 Qf6 67. Ref3 Qc6+ 68. Ke3 Qc3+ 69. Ke4 Qc4+ 70. Ke3 g5 71. Kd2 Bxf3 72.
Rxf3 Qf1 73. Rf5 Kg6 74. Rf8 Kg7 75. Rf5 Kh6 76. Rf6+ Kh5 77. Rf8 Qc4 78. Rf3
Kh4 79. Re3 Qf1 80. Rf3 Qc4 81. Ke1 Qc1+ 82. Ke2 Qb1 83. Rg3 Kh5 84. Re3 Kg6 85.
Rg3 Qh1 86. Rf3 Kg7 87. Rg3 Kf6 88. Rf3+ Ke5 89. Re3+ Kf4 90. Rg3 Qb1 91. Rf3+
Ke4 92. Rg3 Qb5+ 93. Ke1 Qa6 94. Re3+ Kf4 95. Rg3 Kf5 96. Rf3+ Kg6 97. Rg3 Kh5
98. Re3 Kh4 99. Rg3 Qb5 100. Re3 Qb1+ 101. Ke2 Qg1 102. Ra3 Qc1 103. Re3 Qc4+
104. Ke1 Qa6 105. Rg3 Qa1+ 106. Ke2 Qh1 107. Re3 Qg1 108. Rd3 g4 109. hxg4 Qxg4+
110. Ke1 Qb4+ 111. Ke2 Qc4 112. Kd2 Qb5 113. Rg3 Qe5 114. Kd1 Qe4 115. Kd2 Qe6
116. Kd1 Qa2 117. Ke1 Qb1+ 118. Ke2 Qh1 119. Ke3 Qf1 120. Kf3 Kh5 121. Ke3 Qd1
122. Rg2 Qb3+ 123. Ke2 Qc2+ 124. Ke3 Kh4 125. Rg3 Qd1 126. Rg2 Kh3 127. Rg3+ Kh2
128. Rf3 Kg2 129. Rf4 Qb3+ 130. Ke4 Qe6+ 131. Kd4 Kf1 132. Kd3 Qe5 133. Re4 Qf5
134. f4 Kf2 135. Kd4 Kf3 136. Re5 Qxf4+ 137. Kd5 Qb4 138. Ke6 Qc4+ 139. Kf5 Qf7+ 0-1

[Event "NIC Classic Prelim 2021"]
[Site "chess24.com INT"]
[Date "2021.04.26"]
[Round "12.2"]
[White "Vidit, Santosh Gujrathi"]
[Black "Le, Quang Liem"]
[Result "0-1"]
[WhiteTitle "GM"]
[BlackTitle "GM"]
[WhiteElo "2726"]
[BlackElo "2709"]
[WhiteFideId "5029465"]
[BlackFideId "12401137"]
[EventDate "2021.04.24"]

1. d4 Nf6 2. c4 e6 3. Nf3 a6 4. Nc3 d5 5. cxd5 exd5 6. Bg5 Be6 7. Bxf6 Qxf6 8.
Qb3 Ra7 9. a3 Qd8 10. h4 h6 11. Qc2 Bd6 12. e4 dxe4 13. Qxe4 Qe7 14. O-O-O Bb3
15. Qxe7+ Kxe7 16. Re1+ Kd8 17. Bd3 Nd7 18. Bf5 g6 19. Bh3 a5 20. g3 Nf6 21. Ne5
Re8 22. Re3 a4 23. Rhe1 Ra5 24. Nxa4 Bxe5 25. dxe5 Bxa4 26. exf6 Rxe3 27. Rxe3
Rc5+ 28. Rc3 Rd5 29. b3 Bd7 30. Bg2 Rb5 31. Rd3 Ke8 32. Bd5 Be6 33. Bxe6 fxe6
34. g4 g5 35. h5 Rd5 36. Rc3 c6 37. Kc2 Kf7 38. f3 Kxf6 39. Rc4 Ke5 40. Re4+ Kd6
41. f4 c5 42. a4 b6 43. Kc3 gxf4 44. Rxf4 Rg5 45. Rf6 Rxg4 46. Rxh6 Rh4 47. Rh8
Kd5 48. h6 Rh3+ 49. Kc2 Kd4 50. h7 Rh2+ 51. Kd1 Kc3 52. b4 c4 53. a5 Kb2 54. Rc8
c3 55. axb6 Rxh7 56. Ke2 c2 57. Kd2 Rd7+ 58. Ke3 c1=Q+ 59. Rxc1 Kxc1 60. Ke4 Rb7 0-1

[Event "NIC Classic Prelim 2021"]
[Site "chess24.com INT"]
[Date "2021.04.26"]
[Round "12.4"]
[White "Tari, Aryan"]
[Black "Mamedyarov, Shakhriyar"]
[Result "0-1"]
[WhiteTitle "GM"]
[BlackTitle "GM"]
[WhiteElo "2639"]
[BlackElo "2770"]
[WhiteFideId "1510045"]
[BlackFideId "13401319"]
[EventDate "2021.04.24"]

1. e4 c6 2. d4 d5 3. exd5 cxd5 4. Bd3 Nc6 5. c3 Qc7 6. h3 g6 7. Ne2 Bf5 8. Bxf5
gxf5 9. Bf4 Qd7 10. Nd2 Nf6 11. Nf3 Rg8 12. Rg1 e6 13. Nc1 Ne4 14. Nd3 f6 15.
Qe2 Bd6 16. Bxd6 Qxd6 17. O-O-O O-O-O 18. g4 f4 19. Kb1 Kb8 20. Rge1 Rge8 21. c4
Na5 22. c5 Qc7 23. g5 Nxg5 24. Nxg5 fxg5 25. Qg4 Nc6 26. Ne5 h6 27. Nxc6+ bxc6
28. Rxe6 Qh7+ 29. Kc1 Rc8 30. Qe2 Rxe6 31. Qxe6 Qh8 32. Rd3 Qe8 33. Qd6+ Ka8 34.
Kd2 Rb8 35. b3 Rb7 36. Qxh6 Re7 37. Qxg5 Qd8 38. Qg4 Qa5+ 39. Kc2 Qxa2+ 40. Kc3
Qa1+ 41. Kc2 Qa2+ 42. Kc3 Kb7 43. Rd2 Qa1+ 44. Kc2 Qa2+ 45. Kc3 Qa1+ 46. Kc2 f3
47. h4 a5 48. h5 Ka7 49. Qc8 a4 50. bxa4 Qxa4+ 51. Kc3 Rb7 52. Rc2 Rb3+ 53. Kd2
Qb4+ 54. Kd1 Rb1+ 55. Rc1 Qxd4+ 0-1

[Event "NIC Classic Prelim 2021"]
[Site "chess24.com INT"]
[Date "2021.04.26"]
[Round "12.6"]
[White "Christiansen, Johan-Sebastian"]
[Black "Praggnanandhaa, R"]
[Result "0-1"]
[WhiteTitle "GM"]
[BlackTitle "GM"]
[WhiteElo "2618"]
[BlackElo "2608"]
[WhiteFideId "1512668"]
[BlackFideId "25059530"]
[EventDate "2021.04.24"]

1. e4 c5 2. Nf3 Nc6 3. Nc3 e5 4. Bc4 Be7 5. d3 d6 6. Nd2 Nf6 7. Nf1 Bg4 8. Qd2
Nd7 9. Nd5 Be6 10. a3 O-O 11. Nfe3 Bg5 12. c3 Nb6 13. Ba2 Ne7 14. h4 Bxe3 15.
Nxe3 Bxa2 16. Rxa2 f5 17. exf5 Nxf5 18. Nxf5 Rxf5 19. Qe2 Qf6 20. c4 Nd7 21. Rh3
Rf8 22. b4 Qe6 23. Rg3 e4 24. Bb2 Ne5 25. Bxe5 Qxe5 26. dxe4 Rxf2 27. Qxf2 Qxe4+
28. Qe2 Qb1+ 29. Qd1 Qxa2 30. Qd5+ Kh8 31. Rf3 Re8+ 32. Kd1 h6 33. Qxd6 Qe2+ 34.
Kc1 Qxc4+ 35. Kd1 Qe2+ 36. Kc1 Qe1+ 37. Kc2 Qe4+ 38. Kb3 cxb4 39. Rf8+ Rxf8 40.
Qxf8+ Kh7 41. axb4 Qxg2 42. Qc5 Qf3+ 43. Kb2 Qg2+ 44. Ka3 Qh3+ 45. Kb2 Qxh4 46.
Qf5+ Kg8 47. Qc8+ Kf7 48. Qxb7+ Qe7 49. Qd5+ Kg6 50. Qd3+ Kg5 51. Qg3+ Kf6 52.
Qf3+ Ke6 53. Qe4+ Kd6 54. Qd4+ Kc6 55. Qc4+ Kb6 56. Qd4+ Kb5 57. Qd3+ Kb6 58.
Qd4+ Kb7 59. Qd5+ Kb8 60. Qg8+ Kc7 61. Qc4+ Kd7 62. Qb5+ Ke6 63. Qe2+ Kf7 64.
Qc4+ Kf6 65. Qf1+ Ke5 66. Qe2+ Kd6 67. Qa6+ Kd5 68. Qd3+ Ke6 69. Qe2+ Kd7 70.
Qb5+ Kc8 71. Qc6+ Qc7 72. Qe8+ Kb7 73. Qb5+ Qb6 74. Qd7+ Kb8 75. Qe8+ Kc7 76.
Qe7+ Kc6 77. Qe4+ Kd6 78. Qg6+ Kd5 79. Qf5+ Kd4 80. Qf4+ Kd3 81. Qf1+ Ke4 82.
Qg2+ Kf5 83. Qf3+ Ke6 84. Qe4+ Kf6 85. Qf4+ Ke7 86. Qe5+ Kf8 87. Kb3 a6 88. Ka3
Kg8 89. Qd5+ Kh8 0-1

[Event "NIC Classic Prelim 2021"]
[Site "chess24.com INT"]
[Date "2021.04.26"]
[Round "13.3"]
[White "Praggnanandhaa, R"]
[Black "Carlsen, Magnus"]
[Result "1/2-1/2"]
[WhiteTitle "GM"]
[BlackTitle "GM"]
[WhiteElo "2608"]
[BlackElo "2847"]
[WhiteFideId "25059530"]
[BlackFideId "1503014"]
[EventDate "2021.04.24"]

1. d4 Nf6 2. c4 e6 3. Nf3 d5 4. Nc3 a6 5. c5 Nc6 6. h3 b6 7. cxb6 cxb6 8. Bf4
Ne4 9. e3 Nxc3 10. bxc3 Bd6 11. Bxd6 Qxd6 12. Bd3 Bd7 13. O-O O-O 14. Qb1 g6 15.
Qxb6 Rfb8 16. Qc5 Qxc5 17. dxc5 Rc8 18. e4 Ne7 19. Ne5 Bb5 20. exd5 Bxd3 21.
Nxd3 Nxd5 22. Rab1 Rc7 23. Rb3 Nf6 24. Rfb1 Ne4 25. Rb7 Rac8 26. Rxc7 Rxc7 27.
Rb4 Nxc3 28. Rc4 Nd5 29. Ra4 Rc6 30. Ra5 f6 31. f4 h6 32. Kf2 g5 33. g3 gxf4 34.
gxf4 Kf7 35. Kf3 Kg6 36. Ke4 Nc3+ 37. Ke3 Nd5+ 38. Ke4 Nc3+ 39. Kd4 Nd5 40. Ra4
Kf5 41. Nb4 Nxb4 42. Rxb4 Rc8 43. Rb6 e5+ 44. fxe5 fxe5+ 45. Kd5 e4 46. c6 e3
47. Rb1 e2 48. Re1 Rd8+ 49. Kc5 Rd2 50. c7 Rc2+ 51. Kb6 Rb2+ 52. Ka7 Rc2 53. Kb7
Rb2+ 54. Kc6 Rc2+ 55. Kd6 Rd2+ 56. Ke7 Rc2 57. Kd7 Rd2+ 58. Kc6 Rc2+ 59. Kb6
Rb2+ 60. Ka7 Rc2 61. Rxe2 Rxc7+ 62. Kxa6 Rc3 63. Rh2 Kf4 64. a4 Kg3 65. Rh1 h5
66. h4 Rb3 67. a5 Rb2 68. Ka7 Rb5 69. a6 Rb2 70. Ka8 Rb5 71. a7 Rb2 72. Rc1 Kxh4
73. Rc7 Kg3 74. Rb7 Ra2 75. Kb8 h4 76. Rg7+ Kf3 77. a8=Q+ Rxa8+ 78. Kxa8 h3 79.
Rh7 Kg2 80. Rxh3 Kxh3 1/2-1/2